Capital cities with F in their name - Statistics

General Stats
  • This quiz has been taken 38 times
  • The average score is 2 of 6
Answer Stats
Hint Answer % Correct
2 Funafuti (Tuvalu)
74%
3 Freetown (Sierra Leonne)
50%
6 Sofia (Bulgaria)
38%
4 Nuku'alofa (Tonga)
32%
1 Bloemfontein (South Africa)
24%
5 Port of Spain (Trinidad and Tobago)
24%
No matching quizzes found
Score Distribution
Percent of People with Each Score
Percentile by Number Answered
Your Score History
You have not taken this quiz